The 100 best : Comanies to work for in America

Na minha lista:
Detalhes bibliográficos
Autor principal: Levering, Robert
Formato: Livro
Idioma:Undetermined
Publicado em: New York New American Library 1987
Assuntos:
Tags: Adicionar Tag
Sem tags, seja o primeiro a adicionar uma tag!
Thư viện lưu trữ: Trung tâm Học liệu Trường Đại học Cần Thơ
LEADER 00570nam a2200193Ia 4500
001 CTU_79161
008 210402s9999 xx 000 0 und d
082 |a 331.2 
082 |b L661 
100 |a Levering, Robert 
245 4 |a The 100 best : 
245 0 |b Comanies to work for in America 
245 0 |c Robert Levering, Milton Moskowitz, Michael Katz 
260 |a New York 
260 |b New American Library 
260 |c 1987 
650 |a Job satisfaction,Personnel management 
650 |z United States 
980 |a Trung tâm Học liệu Trường Đại học Cần Thơ